Supplement à l'Encyclopédie ou Dictionnaire Raisonné des Sciences, des Arts et des Métiers / (Record no. 165909)

MARC details
000 -LEADER
campo de control de longitud fija 01112nam a22002655i 4500
001 - NÚMERO DE CONTROL
campo de control 165909
003 - IDENTIFICADOR DE NÚMERO DE CONTROL
campo de control ES-MaACL
005 - FECHA Y HORA DE LA ÚLTIMA TRANSACCIÓN
campo de control 20230906213228.0
008 - DATOS DE LONGITUD FIJA--INFORMACIÓN GENERAL
campo de control de longitud fija 990322s1776 ne |||| | fre d
040 ## - FUENTE DE CATALOGACIÓN
Centro catalogador/agencia de origen CCPB | B
Lengua de catalogación spa
Centro/agencia transcriptor CCPB | B
245 00 - MENCIÓN DEL TÍTULO
Título Supplement à l'Encyclopédie ou Dictionnaire Raisonné des Sciences, des Arts et des Métiers /
Mención de responsabilidad, etc. par une Société de Gens de Lettres ; Mis en ordre et publié par M*** ... ; Tome Premier.
260 ## - PUBLICACIÓN, DISTRIBUCIÓN, ETC.
Lugar de publicación, distribución, etc. A Amsterdam :
Nombre del editor, distribuidor, etc. Chez M. M. Rey, Libraire,
Fecha de publicación, distribución, etc. 1776.
300 ## - DESCRIPCIÓN FÍSICA
Extensión IV, 926 p. ;
Dimensiones Fol.
597 #1 - NOTA DE DESCRIPCIÓN FÍSICA
NOTA DE DESCRIPCIÓN FÍSICA Sign.: []\p2\s, a\p2\s, A-Z\p4\s, 2A-2Z\p4\s, 3A-3Z\p4\s, 5A-5Z\p4\s, 6A\p3\s.
597 #1 - NOTA DE DESCRIPCIÓN FÍSICA
NOTA DE DESCRIPCIÓN FÍSICA Antep.
597 #1 - NOTA DE DESCRIPCIÓN FÍSICA
NOTA DE DESCRIPCIÓN FÍSICA Port. con grab. xil.
597 #1 - NOTA DE DESCRIPCIÓN FÍSICA
NOTA DE DESCRIPCIÓN FÍSICA Texto a dos col.
650 ## - PUNTO DE ACCESO ADICIONAL DE MATERIA--TÉRMINO DE MATERIA
Término de materia o nombre geográfico como elemento de entrada Enciclopedias.
9 (RLIN) 12235
700 11 - ENTRADA AGREGADA--NOMBRE PERSONAL
Nombre de persona M***,
Término indicativo de función/relación
9 (RLIN) 224278
700 11 - ENTRADA AGREGADA--NOMBRE PERSONAL
Nombre de persona Rey, Marc-Michel,
Término indicativo de función/relación
9 (RLIN) 131749
740 0# - ENTRADA AGREGADA--TÍTULO RELACIONADO/ANALÍTICO NO CONTROLADO
Título relacionado o analítico no controlado Dictionnaire raisonné des sciences, des arts et des métiers.
752 ## - ENTRADA AGREGADA--NOMBRE JERÁRQUICO DEL LUGAR
País o entidad superior Holanda -
Ciudad Amsterdam
852 ## - LOCALIZACIÓN
Ubicación ES-MaACL
Número de control de estantería R-2140
Nota libre -- Enc. pasta con hierros dorados
-- -- Ex-libris del duque de Hyjar
Signatura antigua -- Olim: C- 10435
Holdings
Estatus retirado Estado de pérdida Estado de daño No para préstamo Colección Biblioteca de origen Biblioteca actual Ubicación en estantería Fecha de adquisición Fuente de adquisición Total de préstamos Signatura topográfica completa Código de barras Visto por última vez Precio de reemplazo Tipo de ítem Koha
        Colección de referencia Biblioteca del Ateneo de Madrid Biblioteca del Ateneo de Madrid Depósito 17/01/2008     R-2140 1173993 23/02/2023 23/02/2023 Libro impreso antiguo